700 năm Thuận Hóa Phú Xuân Huế

Giới thiệu địa danh, lịch sử triều Nguyễn, văn hoá văn nghệ, danh nhân của Huế qua các thời kỳ lịch sử

Shranjeno v:
Bibliografske podrobnosti
Glavni avtor: Nguyễn, Đắc Xuân
Format: Knjiga
Jezik:Undetermined
Izdano: Thành phố Hồ Chí Minh Trẻ 2009
Teme:
Oznake: Označite
Brez oznak, prvi označite!
Thư viện lưu trữ: Trung tâm Học liệu Trường Đại học Cần Thơ
LEADER 00829nam a2200217Ia 4500
001 CTU_147643
008 210402s9999 xx 000 0 und d
020 |c 245000 
082 |a 959.74 
082 |b X502 
100 |a Nguyễn, Đắc Xuân 
245 0 |a 700 năm Thuận Hóa Phú Xuân Huế 
245 0 |c Nguyễn Đắc Xuân 
260 |a Thành phố Hồ Chí Minh 
260 |b Trẻ 
260 |c 2009 
520 |a Giới thiệu địa danh, lịch sử triều Nguyễn, văn hoá văn nghệ, danh nhân của Huế qua các thời kỳ lịch sử 
650 |a Thuận Hóa (Việt Nam),Phú xuân (Huế, Việt Nam) 
650 |x Lịch sử,Lịch sử 
904 |i Hạ Nguyên 
980 |a Trung tâm Học liệu Trường Đại học Cần Thơ